• 首页
  • 本馆介绍
  • 公告通知
  • 最新文献
  • 馆藏检索
  • 电子资源
  • 读者导购
  • 参考咨询
  • 我的图书馆
  • 登录
  • 详细信息显示
  • 放入我的书架
  • 预约/预借图书
  • 作者相关作品
  • 分类相关作品
  • 丛书相关作品
  • 出版社相关作品

书目信息

  • 表格格式
  • 工作单格式
  • 卡片格式
题名:
网络平台法律责任探究
    
 
作者: 杨乐 著
分册:  
出版信息: 北京   电子工业出版社  2020
页数: 15,212页
开本: 24cm
丛书名:
单 册:
中图分类: D922.174
科图分类:
主题词: 计算机网络管理--ji suan ji wang lao guan li--法律责任--研究--中国
电子资源:
ISBN: 978-7-121-36558-4
000 00938nam0 2200241 450
001 2151120013
005 20211018173724.0
010    @a978-7-121-36558-4@dCNY88.00
100    @a20200910d2020 em y0chiy0120 ea
101 0  @achi
102    @aCN@b110000
105    @ay z 000yy
106    @ar
200 1  @a网络平台法律责任探究@Awang lao ping tai fa lv ze ren tan jiu@f杨乐著
210    @a北京@c电子工业出版社@d2020
215    @a15,212页@d24cm
300    @a国家社科基金项目“国外互联网治理的理念、模式及借鉴研究”资助支持
330    @a本书从网络平台经济发展入手,指出网络平台法律责任的实质,是依据利益相关性原则,创造性提出网络平台类型化模型,从具体法律行为、法律场景入手,建立起以平台为核心的网络社会法律政策供给制度。
606 0  @a计算机网络管理@Aji suan ji wang lao guan li@x法律责任@x研究@y中国
690    @aD922.174@v5
701  0 @a杨乐@Ayang le@4著
801  0 @aCN@b百万庄@c20211018
905    @b1310324-27@dD922.174@e2234@f4
    
    网络平台法律责任探究/杨乐著.-北京:电子工业出版社,2020
    15,212页;24cm
    国家社科基金项目“国外互联网治理的理念、模式及借鉴研究”资助支持
    
    ISBN 978-7-121-36558-4:CNY88.00
    本书从网络平台经济发展入手,指出网络平台法律责任的实质,是依据利益相关性原则,创造性提出网络平台类型化模型,从具体法律行为、法律场景入手,建立起以平台为核心的网络社会法律政策供给制度。
●
相关链接 在E读中查询图书 在五车中查询图书 在当当中查询图书 在豆瓣中查询图书


正题名:网络平台法律责任探究     索取号:D922.174/2234         预约/预借

序号 登录号 条形码 馆藏地/架位号 状态 备注
1 1310324   213103247   第一样本阅览室/ [索取号:D922.174/2234] 在馆    
2 1310325   213103256   第一借阅区/ [索取号:D922.174/2234] 在馆    
3 1310326   213103265   第一借阅区/ [索取号:D922.174/2234] 在馆    
4 1310327   213103274   第一借阅区/ [索取号:D922.174/2234] 在馆    
唐山师范学院图书馆 欢迎您!
大连网信软件有限公司© 版权所有